Welcome to the Holygrace Academy Library

Please use search bar below to get started

SAMBOORNA ENJUVADI (Record no. 1004)

MARC details
000 -LEADER
fixed length control field 00256nam a22001217a 4500
082 ## - DEWEY DECIMAL CLASSIFICATION NUMBER
Classification number 001
Item number SHA/S
100 ## - MAIN ENTRY--AUTHOR NAME
Personal name SHARON BOOKS
245 ## - TITLE STATEMENT
Title SAMBOORNA ENJUVADI
260 ## - PUBLICATION, DISTRIBUTION, ETC. (IMPRINT)
Place of publication CHERTHALA
Name of publisher SHARON BOOKS
300 ## - PHYSICAL DESCRIPTION
Number of Pages 66
650 ## - SUBJECT ADDED ENTRY--TOPICAL TERM
Topical Term MALAYALAM
Geographic subdivision KERALA
942 ## - ADDED ENTRY ELEMENTS (KOHA)
Koha item type Books
Holdings
Withdrawn status Lost status Collection code Home library Current library Shelving location Date acquired Source of acquisition Cost, normal purchase price Full call number Accession Number Koha item type
    Reference Main Library Main Library   05/02/2020 purchase 10.00 001 SHA/S 12425 Books